| 000 | 00368nam a2200133Ia 4500 | ||
|---|---|---|---|
| 008 | 150202s9999 xx 000 0 und d | ||
| 020 | _a515116246 | ||
| 050 |
_aFIC _bFIC |
||
| 100 | _aCoulter, Catherine. | ||
| 245 | 4 |
_aThe nightingale legacy / _cCatherine Coulter. |
|
| 260 |
_aNew York : _bJove Books, _c1994. |
||
| 300 |
_a457 pages : _c18 cm. |
||
| 650 | _aFiction. | ||
| 999 |
_c282072 _d282072 |
||